Gaming Quiz

Random Gaming or Pokémon Quiz

Pokémon Flying-Type Attacks Quiz Stats

 Plays Quiz not verified by Sporcle

Score 0/27 Timer 08:00
0 Plays Today
Generation Attack Name % Correct
Generation IWing Attack
95.3%
Generation IFly
93.7%
Generation IGust
93.7%
Generation IPeck
92.9%
Generation IIIAerial Ace
92.1%
Generation ISky Attack
92.1%
Generation IDrill Peck
90.6%
Generation IVRoost
90.6%
Generation IIIAir Cutter
89%
Generation IVAir Slash
89%
Generation IVBrave Bird
89%
Generation IIIFeather Dance
86.6%
Generation IIAero Blast
85%
Generation VHurricane
83.5%
Generation Attack Name % Correct
Generation IMirror Move
83.5%
Generation IVDefog
80.3%
Generation VAcrobatics
78.7%
Generation IVTailwind
78.7%
Generation VSky Drop
77.2%
Generation VIIBeak Blast
77.1%
Generation IVPluck
75.6%
Generation VIDragon Ascent
74%
Generation IIIBounce
73.2%
Generation VIOblivion Wing
70.1%
Generation VIISupersonic Sky Strike
68.6%
Generation IVChatter
68.5%
Generation VIIFloaty Fall
42.9%

You're not logged in!

Compare scores with friends on all Sporcle quizzes.
OR
Log In

Sporcle TV

Today on Sporcle TV


Watch our educational content, quiz creation guides, and fun videos on Sporcle TV.

Show Comments

Extras

Created Dec 27, 2014ReportNominate
Tags:Pokémon Quiz

Top Quizzes Today


Score Distribution

Your Account Isn't Verified!

In order to create a playlist on Sporcle, you need to verify the email address you used during registration. Go to your Sporcle Settings to finish the process.

Report this User

Report this user for behavior that violates our Community Guidelines.

Details: